La discapacidad en la escena familiar

Uloženo v:
Podrobná bibliografie
Hlavní autoři: Urbano, Claudio Ariel (Autor), Yuni, José Alberto (Autor)
Médium: Kniha
Jazyk:španělština
Vydáno: Córdoba Encuentro 2016
Vydání:1a. ed
Témata:
Tagy: Přidat tag
Žádné tagy, Buďte první, kdo vytvoří štítek k tomuto záznamu!

MARC

LEADER 00000cam a2200000 a 4500
001 UCC3935
003 CL-VaPUC
008 180622e20160000sp |||||||||||||||||spa|d
020 |a 9789871432141 
082 0 4 |a 306.88  |b URB  |2 21 
100 0 |a Urbano, Claudio Ariel  |e author  |9 598056 
700 0 |a Yuni, José Alberto  |e author  |9 598057 
245 1 3 |a La discapacidad en la escena familiar 
250 |a 1a. ed 
300 |a 261 p 
942 |c BK 
945 |d 20180622 13:48:00  |a arojas 
260 |a Córdoba  |b Encuentro  |c 2016 
650 0 |a Discapacidad  |9 374444 
650 0 |a Vida familiar  |9 308049 
650 0 |a Vida cotidiana   |9 322355 
650 0 |a Psicología   |9 257863 
583 |a last modification  |c 20180622 13:48:00  |k Rodrigo Vera 
999 |c 371581  |d 371579 
952 |0 0  |1 0  |3 erb  |4 0  |6 306_880000000000000_URB_2016  |7 0  |8 A  |9 488603  |a BIBEDU  |b BIBEDU  |i 5477522  |l 1  |o 306.88 URB 2016  |p 5477522  |r 2022-09-01  |s 2022-08-18  |w 2019-11-24  |y BK  |z Catalogado en:20180622  |k EDI